LEADER 01341nam0 2200373 450 001 000036021 005 20170523120249.0 010 $a978-0-521-83690-6 010 $a978-0-521-54541-9 100 $a20140228d2008----km-y0itaa50------ba 101 0 $aeng$agrc 102 $aGB 200 1 $aHelen$fEuripides$gedited by William Allan 210 $aCambridge$cCambridge University Press$d2008 215 $aXIII, 371 p.$d22 cm 225 2 $aCambridge Greek and Latin classics 410 0$12001$aCambridge Greek and Latin classics 500 10$aHelena$9534291 676 $a882.01$v(22 ed.)$9Dramma e poesia drammatica in greco classico. Origini-500 700 0$aEuripides$f<480-407 a.C.>$0229973 702 1$aAllan,$bWilliam 801 0$aIT$bUniversità della Basilicata - B.I.A.$gREICAT$2unimarc 912 $a000036021 996 $aHelena$9534291 997 $aUNIBAS BAS $aLETTERE CAT $aSTD098$b01$c20140228$lBAS01$h1217 CAT $aSTD098$b01$c20140303$lBAS01$h0719 CAT $aSTD098$b01$c20140303$lBAS01$h0720 CAT $aMDL$b00$c20170208$lBAS01$h1424 CAT $aMDL$b30$c20170523$lBAS01$h1105 CAT $aMDL$b30$c20170523$lBAS01$h1202 FMT Z30 -1$lBAS01$LBAS01$mBOOK$1BASA1$APolo Storico-Umanistico$2DID$BDidattica$3FM/114863$6114863$5L114863$820170718$f04$FPrestabile Didattica LEADER 01638cam0-2200469-i-450 001 990006203910403321 005 20230421135630.0 035 $a000620391 035 $aFED01000620391 035 $a(Aleph)000620391FED01 035 $a000620391 100 $a20000112d1975----km-y0itay50------ba 101 1 $aita$ceng 102 $aIT 105 $aa-------001yy 200 1 $a<>nazionalizzazione delle masse$esimbolismo politico e movimenti di massa in Germania dalle guerre napoleoniche al Terzo Reich$fGeorge L. Mosse 210 $aBologna$cil Mulino$dc1975 215 $aXIX, 253 p., [8] c. di tav.$cill.$d22 cm 225 1 $aNuova collana storica 300 $aTrad. di Livia De Felice 454 0$12001$a<>nationalization of the masses$ePolitical symbolism and mass movements in Germany from the napoleonic wars through the third Reichs$916543 610 0 $aNazionalsocialismo$aPropaganda$aAspetti sociali 610 0 $aGermania$aStoria$a1812-1933 676 $a320.5330943$v20$zita 676 $a943$v22$zita 676 $a303.3750943$v22$zita 700 1$aMosse,$bGeorge Lachmann$f<1918-1999>$0123071 702 1$aDe Felice,$bLivia 801 0$aIT$bUNINA$gRICA$2UNIMARC 901 $aBK 912 $a990006203910403321 952 $aDIC / MOS 4$fBFS$b429 952 $aXXI Coll. 156 (11)$b26818*$fFGBC 952 $aIX B 2$b2230$fFSPBC 952 $a320.53 MOS 1$bI.st.r.c.1576$fFLFBC 952 $a320.53 MOS 1 BIS$bST.MED.MOD. 8178$fFLFBC 959 $aFGBC 959 $aFSPBC 959 $aFLFBC 959 $aBFS 996 $aNationalization of the masses$916543 997 $aUNINA